Promoción del Desarrollo Económico Local (DEL): experiencias desde el turismo rural comunitario (Registro nro. 8105)

Detalles MARC
000 -Líder
fixed length control field 00776nam a22002177a 4500
005 - Fecha y hora de la última transacción
Campo de control 20160627195857.0
008 - Elementos de longitud fija--Información general
Campo de control de longitud fija 160506b xxu||||| |||| 00| 0 spa d
022 ## - Número Internacional de Publicaciones Seriadas
Número Internacional de Publicaciones Seriadas (ISSN) 03793982
082 ## - Clasificación Decimal Dewey
Número de clasificación Tecnología en Marcha Vol 25, N° 6 2012
100 ## - Entrada principal--Autor personal
Autor personal Hernández Navarro, Juan Rafael
100 ## - Entrada principal--Autor personal
Autor personal Mora Sánchez, Amílkar
245 ## - Título propiamente dicho
Título Promoción del Desarrollo Económico Local (DEL): experiencias desde el turismo rural comunitario
260 ## - PUBLICACIÓN, DISTRIBUCIÓN, ETC.
Lugar de publicación Costa Rica
Editorial Editorial Tecnológica de Costa Rica
Año de publicación 2012
300 ## - Descripción física
Extensión páginas 104-111
440 ## - Declaración de serie/asiento adicional--título
Título de la serie Tecnología en Marcha
650 ## - Materia general
Temática (materia general) DESARROLLO ECONÓMICO LOCAL
650 ## - Materia general
Temática (materia general) TURISMO RURAL
650 ## - Materia general
Temática (materia general) TURISMO COMUNITARIO
650 ## - Materia general
Temática (materia general) DESARROLLO RURAL
942 ## - Punto de acceso adicional KOHA
Punto de acceso adicional KOHA Revista

No hay ítems disponibles.